Série Netflix - Statistiques

Statistiques générales
  • Ce quiz a été pris 224 fois
  • Le résultat moyen est 4 sur 25
Statistiques - réponses
Réponse % Correct
Stranger Things
73%
La Casa de Papel
63%
Elite
55%
13 Reasons Why
32%
Sex Education
31%
The 100
29%
Lupin
26%
Peaky Blinders
17%
H
13%
Black Mirror
12%
Dynastie
12%
Le Jeu De La Dame
11%
Friends
10%
Dark
8%
Les Chroniques de Bridgerton
8%
Gossip Girls
6%
Jane the Virgin
6%
Locke & Key
3%
Dix pour Cent
2%
Reign
2%
Assassination Classroom
1%
Death Note
1%
L'attaque Des Titans
1%
Love Alarm
1%
One Punch Man
1%
Aucun quiz correspondant
Distribution des résultats
% des personnes avec chaque résultat
Percentile par nombre de réponses
Votre historique - résultats
Vous n’avez pas pris ce quiz